El Gran Burundún-Burundá ha muerto ; La metamorfosis de su excelencia. (Registro nro. 437012)

Detalles MARC
000 -LÍDER
Campo fijo de descripción fija 00696nam a22002297a 4500
003 - IDENTIFICADOR DEL NÚMERO DE CONTROL
Campo de control BCEG
005 - FECHA Y HORA DE LA ULTIMA TRANSACCIÓN
control field 20260203153022.0
008 - ELEMENTOS DE LONGITUD FIJA -- INFORMACIÓN GENERAL
Campo fijo de descripción fija -- Información general 260115s1982 mx |||||||||||||||| spa d
020 ## - ISBN
Isbn 9685140243
040 ## - FUENTE DE CATALOGACIÓN
Agencia de catalogación original BCEG
Idioma de catalogación spa
Agencia que realiza la transcripción BCEG
082 04 - NÚMERO DE CLASIFICACIÓN DECIMAL DEWEY
Número de clasificación Co863.4
Clave de autor-Numero de item Z221g
100 ## - ASIENTO PRINCIPAL--NOMBRE PERSONAL
Nombre del autor personal Zalamea, Jorge,
Fechas asociadas con el nombre 1905-1969.
245 13 - TÍTULO PROPIAMENTE DICHO
Título El Gran Burundún-Burundá ha muerto ; La metamorfosis de su excelencia.
260 ## - PUBLICACIÓN, DISTRIBUCIÓN, ETC. (PIE DE IMPRENTA)
Lugar de publicación, distribución, etc. México :
Nombre del editor, distribuidor, etc. Universidad Autónoma del Estado de México,
Fecha de publicación, distribución, etc. 1982.
300 ## - DESCRIPCIÓN FÍSICA
Extensión 145 p.
490 ## - MENCIÓN DE SERIE
Mención de serie Renacimiento ;
Designación numérica/secuencial del volumen 5.
500 ## - NOTA GENERAL
Nota General Edición especial --En portada.
541 ## - NOTA DE FUENTE INMEDIATA DE ADQUISICIÓN
Nota de fuente de adquisición Donación.
650 14 - ASIENTO SECUNDARIO DE MATERIA - TERMINO TEMÁTICO
Término temático o nombre geográfico como elemento de entrada Novela colombiana.
700 1# - ASIENTO SECUNDARIO - NOMBRE PERSONAL
Nombre personal Iriarte, Alfredo,
Fechas asociadas con el nombre 1932-2002,
Función o responsabilidad del autor ap.
942 ## - TIPO DE MATERIAL (KOHA)
Tipo de Item KOHA Libro
Existencias
No para Préstamo Colección Biblioteca de Origen Biblioteca Permanente Fecha de Adquisición Fuente de Adquisicion Total de Préstamos Signatura Topográfica Código de Barras Última vez visto Tipo de Material
Material en Reserva General Biblioteca Central Estatal de Guanajuato, "Wigberto Jiménez Moreno" Biblioteca Central Estatal de Guanajuato, "Wigberto Jiménez Moreno" 15/01/2026 DONAD   Co863.4 Z221g BCEG8655230746 15/01/2026 Libro